Online Public Access Catalogue

Gray's Anatomy (Record no. 8198)

MARC details
000 -LEADER
fixed length control field 00378nam a2200157Ia 4500
020 ## - INTERNATIONAL STANDARD BOOK NUMBER
International Standard Book Number 9780702063060
082 ## - DEWEY DECIMAL CLASSIFICATION NUMBER
Classification number 611
Author Mark GRA
Edition number 41st
100 ## - MAIN ENTRY--PERSONAL NAME
Author Name Susan Standring
245 #0 - TITLE STATEMENT
Title Gray's Anatomy
Statement of responsibility, etc. Susan Standring
250 ## - EDITION STATEMENT
Edition statement 45th
260 ## - PUBLICATION, DISTRIBUTION, ETC.
Place of publication, distribution, etc. Edinburgh
Name of publisher, distributor, etc. Elsevier
Date of publication, distribution, etc. 2016
300 ## - PHYSICAL DESCRIPTION
No of Pages 1562
illustrations ill
440 ## - SERIES STATEMENT/ADDED ENTRY--TITLE
Title Gray's Anatomy
650 ## - SUBJECT ADDED ENTRY--TOPICAL TERM
Subject Anatomy, Human.
942 ## - ADDED ENTRY ELEMENTS (KOHA)
Koha item type Books
Source of classification or shelving scheme
Edition 41st
952 ## - LOCATION AND ITEM INFORMATION (KOHA)
-- 2018-03-16
Holdings
Withdrawn status Lost status Source of classification or shelving scheme Damaged status Not for loan Home library Current library Shelving location Date acquired Total Checkouts Full call number Barcode Date last seen Koha item type
          Islamabad Medical and Dental College Islamabad Medical and Dental College Islamabad Medical and Dental College 16/03/2018   611 GRA 9983 16/03/2018 Books

Copyright @ IMDC Library
Islamabad Medical and Dental College
Bhara Kahu, Islamabad

  Contact the Librarian, IMDC
  Email:: library@imdcollege.edu.pk

  OPAC Customized by
  Mazhar Hussain,
  Librarian:
  Islamabad Medical and Dental College
  Email:: library@imdcollege.edu.pk